| 000 | 00892cam a2200289 4500 | ||
|---|---|---|---|
| 999 |
_c24655 _d24655 |
||
| 001 | 308367 | ||
| 005 | 20170130085136.0 | ||
| 008 | 740223s1973 azua b 000 0 eng | ||
| 010 | _a 73079778 | ||
| 020 | _a0873581113 | ||
| 040 |
_aDLC _cDLC _dDLC |
||
| 043 | _an-usp-- | ||
| 050 | 0 | 0 |
_aND237 _b.A28B32 1973 |
| 100 | 1 | _aBabbitt, Bruce E. | |
| 245 | 1 | 0 |
_aColor and light : _bthe southwest canvases of Louis Akin / _cby Bruce E. Babbitt. |
| 250 | _a[1st ed.] | ||
| 260 |
_aFlagstaff, Ariz : _bNorthland Press, _c[1973] |
||
| 300 |
_axiv, 76 p. : _billus. ; _c27 cm. |
||
| 350 | _a$12.50 | ||
| 504 | _aBibliography: p. 75-76. | ||
| 600 | 1 | 0 |
_aAkin, Louis, _d1868-1913. |
| 650 | 0 | _aSouthwest, New, in art. | |
| 942 |
_2lcc _cBOOKS _hND237 .A28B32 1973 |
||